000 01623cam a2200301 4500
008 030204n2003 000 0 eng u
020 _a1842191357
035 _a(Sirsi) u121226
041 _aeng
050 _a711.52
_c18
100 _aGreenhalgh, Paul
245 _aRegional development agencies
_b the future of physical regeneration in England
_h[electronic resource]
260 _aLondon
_bRICS
_c2003
300 _a1 folded sheet (6p.)
_c30cm.
490 _aRICS Research
520 _aThe executive summary of research commissioned by RICS and CABE to find out the extent of Regional Development Agencies' (RDA's) commitment to physical regeneration. The research looked into trends in regeneration spending; the role of RDAs in physical regeneration; RDA performance; and the role of English Partnerships. Includes key findings and recommendations. View the summary and full report at www.rics.org.
650 _aREGIONAL DEVELOPMENT AGENCIES
650 _aURBAN REGENERATION
650 _aECONOMIC REGENERATION
690 _aREGENERATION
700 _aShaw, Keith
710 _aRoyal Institution of Chartered Surveyors
_bPolicy Unit
_94169
710 _aRoyal Institution of Chartered Surveyors
_94900
710 _aCommission for Architecture and the Built Environment
_94058
856 _uhttps://www.rics.org/Global/Downloads/RDAsFuturePhysicalRegenerationEngland200209.pdf
_zView the full report on the RICS website...
856 4 0 _uhttps://www.rics.org/Global/Downloads/RDAsFuturePhysicalRegenerationEnglandSummary200209.pdf
_zView the executive summary on the RICS website...
942 _n0
999 _c102631
_d102631